[Event "MARIENBAD OPEN 2020 - A, B - closed tournaments"]
[Site "?"]
[Date "2020.01.22"]
[Round "6"]
[White "Laxman, R.R."]
[Black "Kolbus, Dietmar"]
[Result "1/2-1/2"]
[BlackElo "2294"]
[WhiteElo "2441"]
[LiveChessVersion "1.4.8"]

1. d4 {[%clk 1:29:09]} d5 {[%clk 1:30:50]} 2. Nf3 {[%clk 1:29:30]} c6
{[%clk 1:30:35]} 3. e3 {[%clk 1:29:21]} Bf5 {[%clk 1:30:37]} 4. Nh4
{[%clk 1:27:38]} Bc8 {[%clk 1:30:31]} 5. Nf3 {[%clk 1:25:43]} Bf5
{[%clk 1:30:51]} 6. Bd3 {[%clk 1:25:46]} Bxd3 {[%clk 1:31:13]} 7. cxd3
{[%clk 1:25:54]} Nf6 {[%clk 1:31:16]} 8. O-O {[%clk 1:25:26]} e6 {[%clk 1:31:20]}
9. Nc3 {[%clk 1:25:44]} Be7 {[%clk 1:31:15]} 10. Ne5 {[%clk 1:25:56]} O-O
{[%clk 1:31:17]} 11. Bd2 {[%clk 1:26:03]} Nbd7 {[%clk 1:31:08]} 12. Rc1
{[%clk 1:25:04]} c5 {[%clk 1:21:13]} 13. Nxd7 {[%clk 1:24:46]} Qxd7
{[%clk 1:16:53]} 14. dxc5 {[%clk 1:21:11]} Bxc5 {[%clk 1:17:15]} 15. Na4
{[%clk 1:18:27]} Be7 {[%clk 1:16:49]} 16. Nc5 {[%clk 1:18:16]} Bxc5
{[%clk 1:17:00]} 17. Rxc5 {[%clk 1:18:44]} Rfc8 {[%clk 1:17:20]} 18. Rxc8+
{[%clk 1:18:51]} Rxc8 {[%clk 1:17:44]} 19. Bc3 {[%clk 1:19:07]} Qe7
{[%clk 1:10:12]} 20. Qa4 {[%clk 1:15:52]} a6 {[%clk 1:10:07]} 21. e4
{[%clk 1:13:59]} dxe4 {[%clk 1:07:35]} 22. dxe4 {[%clk 1:14:26]} Qd7
{[%clk 1:04:09]} 23. Qb4 {[%clk 1:12:55]} b5 {[%clk 1:03:57]} 24. f3
{[%clk 1:11:44]} Rc4 {[%clk 0:56:17]} 25. Qb3 {[%clk 1:11:30]} Qa7+
{[%clk 0:53:30]} 26. Kh1 {[%clk 1:11:28]} h6 {[%clk 0:49:46]} 27. Qd1
{[%clk 1:10:24]} Rc8 {[%clk 0:45:18]} 28. Qd6 {[%clk 1:09:47]} Ne8
{[%clk 0:45:09]} 29. Qd2 {[%clk 1:09:52]} f6 {[%clk 0:43:48]} 30. g3
{[%clk 1:06:56]} e5 {[%clk 0:30:40]} 31. Qd5+ {[%clk 1:02:04]} Qf7
{[%clk 0:30:33]} 32. Rd1 {[%clk 1:02:29]} Qxd5 {[%clk 0:30:14]} 33. Rxd5
{[%clk 1:02:48]} Rc6 {[%clk 0:28:06]} 34. Rd8 {[%clk 1:00:44]} Kf7
{[%clk 0:27:45]} 35. Rd7+ {[%clk 1:01:11]} Kg6 {[%clk 0:22:15]} 36. g4
{[%clk 1:00:46]} h5 {[%clk 0:21:48]} 37. Re7 {[%clk 1:01:09]} Rc8
{[%clk 0:21:46]} 38. h3 {[%clk 1:01:15]} hxg4 {[%clk 0:21:04]} 39. hxg4
{[%clk 1:01:18]} b4 {[%clk 0:08:28]} 40. Bxb4 {[%clk 1:01:35]} Rc1+
{[%clk 0:08:46]} 41. Kg2 {[%clk 1:02:00]} Rc2+ {[%clk 0:09:10]} 42. Kg3
{[%clk 1:01:20]} Rxb2 {[%clk 0:09:24]} 43. a3 {[%clk 1:01:40]} a5
{[%clk 0:09:27]} 44. Bxa5 {[%clk 1:02:08]} Nd6 {[%clk 0:09:21]} 45. Rc7
{[%clk 1:00:27]} Nf7 {[%clk 0:06:27]} 46. Bc3 {[%clk 0:55:45]} Ra2
{[%clk 0:06:30]} 47. Bb4 {[%clk 0:55:55]} Ng5 {[%clk 0:06:35]} 48. Rd7
{[%clk 0:56:00]} Rb2 {[%clk 0:05:41]} 49. Rd3 {[%clk 0:56:14]} Ne6
{[%clk 0:05:19]} 50. Bd2 {[%clk 0:56:23]} Ra2 {[%clk 0:01:32]} 51. Be3
{[%clk 0:56:39]} Kf7 {[%clk 0:30:00]} 52. Rd7+ {[%clk 1:25:26]} Ke8
{[%clk 0:29:38]} 53. Rd3 {[%clk 1:24:32]} 1/2-1/2

[Event "MARIENBAD OPEN 2020 - C - FIDE open"]
[Site "the Continental hotel, Marians"]
[Date "2020.01.22"]
[Round "6"]
[White "ADRIAN, Claude"]
[Black "BUDZISZ, Adrian"]
[Result "1-0"]
[WhiteElo "2261"]
[BlackElo "1849"]
[PlyCount "57"]
[EventDate "2020.01.18"]

1. c4 e5 2. Nc3 d6 3. Nf3 f5 4. d4 e4 5. Ng5 Nf6 6. h4 g6 7. e3 Bg7 8. Be2 c6
9. b4 h6 10. Nh3 Be6 11. Nf4 Bf7 12. Rb1 Nbd7 13. b5 c5 14. O-O O-O 15. g3 g5
16. hxg5 hxg5 17. Nfd5 Nxd5 18. Nxd5 cxd4 19. exd4 Bxd5 20. cxd5 Qf6 21. Qd2 f4
22. Bg4 Nb6 23. Be6+ Kh8 24. Rb3 Qxd4 25. gxf4 Qxd2 26. Rh3+ Bh6 27. Bxd2 e3
28. Bc3+ Kh7 29. fxg5 1-0

[Event "MARIENBAD OPEN 2020 - C - FIDE open"]
[Site "the Continental hotel, Marians"]
[Date "2020.01.22"]
[Round "6"]
[White "KAUSHIK, G Iyer"]
[Black "LYS, Josef"]
[Result "1-0"]
[WhiteElo "1781"]
[BlackElo "2152"]
[PlyCount "33"]
[EventDate "2020.01.18"]

1. d4 Nf6 2. c4 e5 3. dxe5 Ng4 4. e3 Nxe5 5. f4 Ng6 6. Nf3 Bc5 7. Bd3 a5 8. Nc3
Ra6 9. Ne4 Bb4+ 10. Bd2 Qe7 11. O-O O-O 12. c5 Re6 13. Bxb4 axb4 14. Nfg5 Rc6
15. f5 Ne5 16. f6 gxf6 17. Qh5 1-0

[Event "MARIENBAD OPEN 2020 - C - FIDE open"]
[Site "the Continental hotel, Marians"]
[Date "2020.01.22"]
[Round "6"]
[White "DUZY, Stefan"]
[Black "HAUGLI, Petter"]
[Result "0-1"]
[WhiteElo "1931"]
[BlackElo "2228"]
[PlyCount "46"]
[EventDate "2020.01.18"]

1. e4 c5 2. Nf3 e6 3. b3 d6 4. Bb2 Nc6 5. Bb5 Bd7 6. O-O Nf6 7. Nc3 Be7 8. Re1
O-O 9. d4 cxd4 10. Nxd4 Qc7 11. Nxc6 bxc6 12. Bd3 e5 13. Na4 Bg4 14. Be2 Be6
15. Bf3 Nd7 16. c4 Rad8 17. Bg4 Bf6 18. Rc1 Rfe8 19. Qe2 Nf8 20. Bf3 Bc8 21. g3
Ba6 22. Qd2 Ne6 23. Bg2 Bg5 0-1

[Event "MARIENBAD OPEN 2020 - C - FIDE open"]
[Site "the Continental hotel, Marians"]
[Date "2020.01.22"]
[Round "6"]
[White "JIRUSE, Josef"]
[Black "DHRUV, Khosla"]
[Result "0-1"]
[WhiteElo "2004"]
[BlackElo "1522"]
[PlyCount "40"]
[EventDate "2020.01.18"]

1. e4 c5 2. Nc3 g6 3. Bc4 Bg7 4. d3 Nc6 5. f4 e6 6. Nf3 Nge7 7. O-O d5 8. Bb3
O-O 9. Qe1 b6 10. Qh4 Ba6 11. f5 dxe4 12. Ng5 h6 13. Nxe6 fxe6 14. Bxe6+ Kh7
15. Nxe4 Nxf5 16. Qh3 Qh4 17. Bxf5 Qxh3 18. Bxh3 Bd4+ 19. Nf2 Rxf2 20. Rxf2 Rf8
0-1

[Event "MARIENBAD OPEN 2020 - C - FIDE open"]
[Site "the Continental hotel, Marians"]
[Date "2020.01.22"]
[Round "6"]
[White "GIEMSA, Alexander"]
[Black "VALENTA, Vit"]
[Result "0-1"]
[WhiteElo "1861"]
[BlackElo "2103"]
[PlyCount "36"]
[EventDate "2020.01.18"]

1. e4 e5 2. Nf3 Nc6 3. d4 exd4 4. Nxd4 Nf6 5. Nxc6 bxc6 6. Bd3 d6 7. O-O Be7 8.
b3 O-O 9. Bb2 Nd7 10. Nd2 Bf6 11. Bxf6 Qxf6 12. f4 Nc5 13. Nc4 Qd4+ 14. Kh1
Nxe4 15. c3 Nf2+ 16. Kg1 Nh3+ 17. Kh1 Qg1+ 18. Rxg1 Nf2# 0-1

[Event "MARIENBAD OPEN 2020 - C - FIDE open"]
[Site "the Continental hotel, Marians"]
[Date "2020.01.22"]
[Round "6"]
[White "ADRIAN, Leopold"]
[Black "SKIBA, Aleksandra"]
[Result "1-0"]
[WhiteElo "2033"]
[BlackElo "1798"]
[PlyCount "62"]
[EventDate "2020.01.18"]

1. c4 c5 2. Nc3 Nf6 3. e4 Nc6 4. g4 d6 5. g5 Nd7 6. d3 g6 7. Bg2 Bg7 8. Nge2
Nd4 9. O-O O-O 10. f4 f6 11. h4 fxg5 12. hxg5 Nb8 13. Ng3 Nbc6 14. Nd5 a6 15.
Ne3 e5 16. Nd5 exf4 17. Bxf4 Ne5 18. Qd2 Bg4 19. Bxe5 Bxe5 20. Rxf8+ Qxf8 21.
Rf1 Nf3+ 22. Bxf3 Bxf3 23. Ne2 Kh8 24. Qe3 Bg4 25. Rxf8+ Rxf8 26. Nf6 Be6 27.
Qf2 Rf7 28. Qh4 b5 29. Nf4 Bxf4 30. Qxf4 bxc4 31. Qxd6 cxd3 1-0

[Event "MARIENBAD OPEN 2020 - C - FIDE open"]
[Site "the Continental hotel, Marians"]
[Date "2020.01.22"]
[Round "6"]
[White "ZAVIVAEV, Ilya"]
[Black "HELD, Martin"]
[Result "1/2-1/2"]
[WhiteElo "1741"]
[BlackElo "1880"]
[PlyCount "26"]
[EventDate "2020.01.18"]

1. e4 e5 2. d3 d5 3. Nd2 Nf6 4. Ngf3 Bc5 5. h3 O-O 6. g3 c6 7. Bg2 Nbd7 8. O-O
Re8 9. Re1 d4 10. Nh4 Nf8 11. c4 Ng6 12. Nxg6 hxg6 13. Nb3 Bb6 1/2-1/2

[Event "MARIENBAD OPEN 2020 - C - FIDE open"]
[Site "the Continental hotel, Marians"]
[Date "2020.01.22"]
[Round "6"]
[White "DE ANDRES GONALONS, Fernando"]
[Black "MULLEROVA, Katerina"]
[Result "1-0"]
[WhiteElo "1993"]
[BlackElo "1473"]
[PlyCount "37"]
[EventDate "2020.01.18"]

1. Nf3 Nf6 2. Nc3 b6 3. d4 Bb7 4. a3 c5 5. Nb5 Nd5 6. Bf4 e6 7. Nd6+ Bxd6 8.
Bxd6 cxd4 9. Qxd4 Nf6 10. e3 Nc6 11. Qf4 Ne7 12. Bd3 Ng6 13. Qd4 Rc8 14. O-O-O
Ne7 15. Ne5 Nf5 16. Bxf5 exf5 17. Nc6 dxc6 18. Qe5+ Kd7 19. Be7+ 1-0

[Event "MARIENBAD OPEN 2020 - C - FIDE open"]
[Site "the Continental hotel, Marians"]
[Date "2020.01.22"]
[Round "6"]
[White "MARESOVA, Michaela"]
[Black "PEGLAU, Charis"]
[Result "0-1"]
[WhiteElo "1397"]
[BlackElo "1784"]
[PlyCount "60"]
[EventDate "2020.01.18"]

1. e4 c6 2. d4 d5 3. exd5 cxd5 4. Nc3 Nf6 5. Nf3 Nc6 6. h3 Bf5 7. Bb5 h6 8. Bf4
a6 9. Ba4 b5 10. Bb3 e6 11. a3 Bd6 12. Bxd6 Qxd6 13. O-O O-O 14. Re1 Na5 15.
Ba2 Nc4 16. Rb1 Rfc8 17. Ne5 Nxa3 18. bxa3 Rxc3 19. Bb3 Rac8 20. Rb2 Qxa3 21.
Ra2 Qd6 22. Re2 Ne4 23. Rb2 Ng5 24. Ng4 Bxg4 25. hxg4 Qf4 26. f3 Qg3 27. Kf1
Nxf3 28. Rf2 Nh2+ 29. Kg1 Nxg4 30. Re2 Qh2+ 0-1

[Event "MARIENBAD OPEN 2020 - D - Open Seniors T"]
[Site "the Continental hotel, Hlavni "]
[Date "2020.01.22"]
[Round "6"]
[White "PALEK, Miroslav"]
[Black "GRICHKEVITCH, Gilles"]
[Result "1-0"]
[WhiteElo "2158"]
[BlackElo "1985"]
[PlyCount "78"]
[EventDate "2020.01.18"]

1. d4 Nf6 2. g3 g6 3. Bg2 Bg7 4. e4 d6 5. Nc3 c6 6. a4 O-O 7. Nge2 Bg4 8. h3
Be6 9. O-O Na6 10. Be3 Nb4 11. a5 d5 12. Ra4 Na6 13. Nf4 Bd7 14. e5 Ne8 15. Ra3
Nec7 16. Qd2 f6 17. Nd3 Bf5 18. f4 Bxd3 19. Qxd3 fxe5 20. dxe5 Ne6 21. Na4 Kh8
22. c3 Qc7 23. h4 Bh6 24. Bh3 Ng7 25. g4 Ne8 26. g5 Bg7 27. h5 gxh5 28. Qe2 c5
29. Raa1 Rd8 30. Nxc5 Nxc5 31. Qxh5 Ne4 32. Bxa7 Ra8 33. Bb6 Qc6 34. Qg4 Nc7
35. Qd7 Na6 36. Rad1 Qg6 37. Rxd5 Qh5 38. Qg4 Qe8 39. Bg2 Nec5 1-0

[Event "MARIENBAD OPEN 2020 - D - Open Seniors T"]
[Site "the Continental hotel, Hlavni "]
[Date "2020.01.22"]
[Round "6"]
[White "KUCERA, Jiri"]
[Black "KOZAK, Milos"]
[Result "1/2-1/2"]
[WhiteElo "1960"]
[BlackElo "2145"]
[PlyCount "23"]
[EventDate "2020.01.18"]

1. Nf3 Nf6 2. d4 e6 3. Bf4 c5 4. e3 Qb6 5. Nc3 cxd4 6. exd4 a6 7. a3 d6 8. Be2
Be7 9. O-O O-O 10. Rc1 Bd7 11. Bd2 Nc6 12. Be3 1/2-1/2

[Event "MARIENBAD OPEN 2020 - D - Open Seniors T"]
[Site "the Continental hotel, Hlavni "]
[Date "2020.01.22"]
[Round "6"]
[White "PALDUS, Petr"]
[Black "PACL, Vaclav"]
[Result "1-0"]
[WhiteElo "1958"]
[BlackElo "2042"]
[PlyCount "73"]
[EventDate "2020.01.18"]

1. e4 d5 2. exd5 Qxd5 3. Qf3 Qe6+ 4. Qe3 Qg6 5. Nc3 c6 6. Qg3 Qe6+ 7. Be2 Nf6
8. Nf3 g6 9. Ng5 Qd7 10. Bc4 e6 11. d3 Bg7 12. Nge4 Nd5 13. Bh6 f5 14. Nd6+ Kd8
15. Nxd5 exd5 16. Bg5+ Kc7 17. Nxf5+ Kb6 18. Be3+ c5 19. Nxg7 dxc4 20. Qe5 Nc6
21. Qxc5+ Kc7 22. Bf4+ Kd8 23. Bg5+ Kc7 24. Bf4+ Kd8 25. Bh6 Qe7+ 26. Qxe7+
Kxe7 27. dxc4 Kf7 28. O-O-O Ne5 29. f3 a5 30. Rhe1 Nc6 31. Re4 Rd8 32. Rf4+ Kg8
33. Rxd8+ Nxd8 34. Ne8 Ne6 35. Re4 Ra6 36. Nf6+ Kf7 37. Nxh7 1-0

[Event "MARIENBAD OPEN 2020 - D - Open Seniors T"]
[Site "the Continental hotel, Hlavni "]
[Date "2020.01.22"]
[Round "6"]
[White "CHMELIK, Jiri"]
[Black "HORYNA, Josef"]
[Result "1/2-1/2"]
[WhiteElo "1958"]
[BlackElo "1789"]
[PlyCount "44"]
[EventDate "2020.01.18"]

1. d4 Nf6 2. c4 g6 3. Nc3 Bg7 4. e4 d6 5. f3 Nbd7 6. Be3 e5 7. d5 a5 8. Bd3 Nc5
9. Bc2 Bd7 10. Qd2 b6 11. Nge2 Qe7 12. O-O Qd8 13. Bh6 O-O 14. Bxg7 Kxg7 15. b3
Ng8 16. a3 Qe7 17. b4 Nb7 18. Rfb1 h5 19. Rd1 Ra7 20. Kf2 Rfa8 21. Qc1 Nh6 22.
Qb2 Kh8 1/2-1/2

[Event "MARIENBAD OPEN 2020 - D - Open Seniors T"]
[Site "the Continental hotel, Hlavni "]
[Date "2020.01.22"]
[Round "6"]
[White "HUSAK, Antonin"]
[Black "OCHMANN, Reimund"]
[Result "0-1"]
[WhiteElo "1830"]
[BlackElo "1946"]
[PlyCount "80"]
[EventDate "2020.01.18"]

1. Nf3 d5 2. d4 Nf6 3. b3 c5 4. e3 Nc6 5. Bb2 Bf5 6. a3 cxd4 7. exd4 e6 8. Nbd2
Bd6 9. Be2 Ne4 10. O-O Qf6 11. c4 Qh6 12. Re1 Nxd2 13. Qxd2 Bxh2+ 14. Kf1 Bf4
15. Qc3 Qh1+ 16. Ng1 O-O 17. Bf3 Qh6 18. Rad1 Rad8 19. g3 Bg5 20. Bg2 Bf6 21.
cxd5 exd5 22. Bc1 Qg6 23. Be3 Rc8 24. Qd2 Bc2 25. Rc1 Bxb3 26. Bf3 Bc4+ 27. Kg2
Be7 28. Bd1 Bxa3 29. Bc2 Qd6 30. Nf3 Bxc1 31. Qxc1 Nb4 32. Bf4 Qa6 33. Bxh7+
Kxh7 34. Ng5+ Kg8 35. Qd1 Qg6 36. Rh1 Rfe8 37. Rh4 f6 38. Nh3 Be2 39. Qb3 Qe4+
40. f3 Bxf3+ 0-1

[Event "MARIENBAD OPEN 2020 - D - Open Seniors T"]
[Site "the Continental hotel, Hlavni "]
[Date "2020.01.22"]
[Round "6"]
[White "AIRD, Ian"]
[Black "SVEC, Ludek"]
[Result "1-0"]
[WhiteElo "1857"]
[BlackElo "1617"]
[PlyCount "63"]
[EventDate "2020.01.18"]

1. c4 e6 2. g3 d5 3. Nf3 Nf6 4. Bg2 Be7 5. O-O O-O 6. d4 c5 7. cxd5 Nxd5 8. e4
Nb4 9. a3 N4a6 10. Nc3 cxd4 11. Nxd4 e5 12. Ndb5 Nc6 13. Nd5 Be6 14. Be3 Bc5
15. Qe2 Bxe3 16. Qxe3 b6 17. Rfd1 h6 18. Ndc7 Qc8 19. Nxa8 Qxa8 20. b4 Nab8 21.
Rac1 Qb7 22. Nd6 Qe7 23. Nf5 Qb7 24. g4 Kh7 25. Qh3 Kg8 26. Qh4 b5 27. Rd3 Bc4
28. Rh3 f6 29. Qh5 Be6 30. Qg6 Kh8 31. Nxh6 Bxg4 32. Nxg4+ 1-0

[Event "MARIENBAD OPEN 2020 - D - Open Seniors T"]
[Site "the Continental hotel, Hlavni "]
[Date "2020.01.22"]
[Round "6"]
[White "TRUKSA, Vaclav"]
[Black "TAMAS, Imrich"]
[Result "1-0"]
[WhiteElo "1775"]
[BlackElo "1520"]
[PlyCount "49"]
[EventDate "2020.01.18"]

1. d4 Nf6 2. Nf3 e6 3. e3 Be7 4. Bd3 d6 5. O-O b6 6. e4 c5 7. c3 a5 8. Re1 Ba6
9. c4 cxd4 10. Nxd4 e5 11. Nf5 Bf8 12. Nc3 h5 13. Bg5 g6 14. Nd5 Nbd7 15. Nfe3
Bg7 16. Qf3 Bb7 17. c5 bxc5 18. Bb5 O-O 19. Bxd7 Qxd7 20. Nxf6+ Bxf6 21. Qxf6
Qe6 22. Nc4 Rfe8 23. Nxd6 Qxf6 24. Bxf6 Reb8 25. Bxe5 1-0

[Event "MARIENBAD OPEN 2020 - D - Open Seniors T"]
[Site "the Continental hotel, Hlavni "]
[Date "2020.01.22"]
[Round "6"]
[White "HRIVNAKOVA, Anna"]
[Black "PRACHAR, Josef"]
[Result "1/2-1/2"]
[WhiteElo "1546"]
[BlackElo "1770"]
[PlyCount "43"]
[EventDate "2020.01.18"]

1. c4 Nf6 2. Nf3 e6 3. d4 d5 4. Nc3 Bb4 5. a3 Bxc3+ 6. bxc3 O-O 7. Bg5 Nbd7 8.
e3 c5 9. Bd3 Qa5 10. Qc2 h6 11. Bxf6 Nxf6 12. O-O Bd7 13. a4 Rac8 14. cxd5 c4
15. Be2 exd5 16. Ne5 Bc6 17. Rfb1 Qc7 18. h3 Rb8 19. Bf3 Nd7 20. Be2 Rfd8 21.
Bf3 a6 22. Nxc6 1/2-1/2

[Event "MARIENBAD OPEN 2020 - D - Open Seniors T"]
[Site "the Continental hotel, Hlavni "]
[Date "2020.01.22"]
[Round "6"]
[White "SONNTAGBAUER, Manfred"]
[Black "GRIEC, Milan"]
[Result "1-0"]
[WhiteElo "1431"]
[BlackElo "1587"]
[PlyCount "51"]
[EventDate "2020.01.18"]

1. d4 Nf6 2. Nf3 e6 3. Bf4 d5 4. h3 Bd6 5. Bxd6 Qxd6 6. e3 b6 7. c3 Ba6 8. Bxa6
Nxa6 9. Qa4+ Qd7 10. Qxa6 O-O 11. Qe2 c5 12. Nbd2 b5 13. a3 e5 14. Nxe5 Qc7 15.
e4 dxe4 16. Nxe4 Nxe4 17. Qxe4 a6 18. O-O c4 19. Rfe1 g6 20. Kh1 Kg7 21. Nf3
Qd8 22. Qe5+ Kg8 23. Rad1 Qb6 24. Qe3 Rad8 25. d5 Qxe3 26. Rxe3 1-0

[Event "MARIENBAD OPEN 2020 - D - Open Seniors T"]
[Site "the Continental hotel, Hlavni "]
[Date "2020.01.22"]
[Round "6"]
[White "HORACKOVA, Isabela"]
[Black "JESENSKY, Jaromir"]
[Result "1-0"]
[WhiteElo "1143"]
[BlackElo "1479"]
[PlyCount "55"]
[EventDate "2020.01.18"]

1. d4 Nf6 2. Bf4 g6 3. c3 Bg7 4. Nd2 O-O 5. Ngf3 d6 6. e3 b6 7. Bd3 Bb7 8. O-O
Nbd7 9. e4 Nh5 10. Be3 Nhf6 11. Re1 h6 12. h3 Rc8 13. Rc1 a6 14. Bb1 c5 15. b3
Rc7 16. Bf4 Re8 17. Bh2 Rc8 18. e5 dxe5 19. dxe5 Nd5 20. Qc2 e6 21. Nc4 Re7 22.
Nd6 Rc7 23. h4 Nxe5 24. Nxe5 Qxd6 25. Nxg6 Qc6 26. Nxe7+ Nxe7 27. Qh7+ Kf8 28.
Be4 1-0

[Event "MARIENBAD OPEN 2020 - A, B - closed tournaments"]
[Site "?"]
[Date "2020.01.23"]
[Round "7"]
[White "Siddharth, Jagadeesh"]
[Black "Bai, Adelard"]
[Result "1-0"]
[BlackElo "2430"]
[WhiteElo "2301"]
[LiveChessVersion "1.4.8"]

1. d4 {[%clk 1:30:58]} d5 {[%clk 1:30:52]} 2. e3 {[%clk 1:31:24]} Nf6
{[%clk 1:31:02]} 3. Bd3 {[%clk 1:31:47]} e6 {[%clk 1:24:50]} 4. Nf3
{[%clk 1:32:09]} c5 {[%clk 1:25:02]} 5. b3 {[%clk 1:32:34]} cxd4 {[%clk 1:14:32]}
6. exd4 {[%clk 1:33:02]} Nc6 {[%clk 1:14:47]} 7. O-O {[%clk 1:33:21]} Ne4
{[%clk 1:05:48]} 8. Bb2 {[%clk 1:31:41]} f5 {[%clk 1:03:09]} 9. Ne5
{[%clk 1:29:15]} Nxe5 {[%clk 1:02:15]} 10. dxe5 {[%clk 1:29:44]} Be7
{[%clk 1:01:47]} 11. Qh5+ {[%clk 1:28:20]} g6 {[%clk 1:00:18]} 12. Qe2
{[%clk 1:27:56]} Bd7 {[%clk 0:47:04]} 13. c4 {[%clk 1:11:20]} O-O
{[%clk 0:32:05]} 14. cxd5 {[%clk 1:04:10]} exd5 {[%clk 0:32:29]} 15. Nc3
{[%clk 1:03:14]} Be6 {[%clk 0:30:30]} 16. Nb5 {[%clk 0:58:37]} Bc5
{[%clk 0:17:14]} 17. Rac1 {[%clk 0:49:43]} Qe7 {[%clk 0:15:34]} 18. Nd6
{[%clk 0:47:08]} Bb6 {[%clk 0:14:50]} 19. Ba3 {[%clk 0:42:34]} Qg5
{[%clk 0:12:59]} 20. Nxb7 {[%clk 0:31:58]} f4 {[%clk 0:08:15]} 21. Bxe4
{[%clk 0:32:27]} dxe4 {[%clk 0:08:33]} 22. Qxe4 {[%clk 0:32:51]} f3
{[%clk 0:08:38]} 23. g3 {[%clk 0:33:18]} Qh5 {[%clk 0:05:58]} 24. h4
{[%clk 0:32:59]} Rfc8 {[%clk 0:03:40]} 25. Bc5 {[%clk 0:31:19]} Qf5
{[%clk 0:02:59]} 26. Qxf5 {[%clk 0:30:40]} Bxf5 {[%clk 0:03:28]} 27. b4
{[%clk 0:30:21]} Rc7 {[%clk 0:03:09]} 28. Nd6 {[%clk 0:29:52]} Be6
{[%clk 0:03:29]} 29. a3 {[%clk 0:29:50]} Rc6 {[%clk 0:02:20]} 30. Rc3
{[%clk 0:29:25]} Bxc5 {[%clk 0:02:08]} 31. Rxc5 {[%clk 0:29:23]} Ra6
{[%clk 0:02:25]} 32. Rc3 {[%clk 0:29:33]} Rf8 {[%clk 0:02:31]} 33. Ne4
{[%clk 0:29:30]} Rf5 {[%clk 0:01:40]} 34. Nf6+ {[%clk 0:28:58]} Kf8
{[%clk 0:00:59]} 35. Nxh7+ {[%clk 0:28:54]} Kg7 {[%clk 0:01:08]} 36. Ng5
{[%clk 0:29:12]} Rxe5 {[%clk 0:01:18]} 37. Nxe6+ {[%clk 0:29:37]} Rexe6
{[%clk 0:01:40]} 38. Rxf3 {[%clk 0:29:57]} Re2 {[%clk 0:02:02]} 39. Rc1
{[%clk 0:30:21]} Ra2 {[%clk 0:02:20]} 40. Rc7+ {[%clk 0:30:42]} Kh6
{[%clk 0:02:32]} 41. Rff7 {[%clk 0:30:32]} Kh5 {[%clk 0:02:29]} 42. Rc5+
{[%clk 0:30:55]} Kh6 {[%clk 0:02:49]} 43. g4 {[%clk 0:30:30]} g5 {[%clk 0:02:20]}
44. h5 {[%clk 0:30:13]} R2xa3 {[%clk 0:02:39]} 45. Rcc7 {[%clk 0:30:01]} 1-0

[Event "MARIENBAD OPEN 2020 - A, B - closed tournaments"]
[Site "?"]
[Date "2020.01.23"]
[Round "7"]
[White "Plat, Vojtech"]
[Black "Swicarz, Maciej"]
[Result "1-0"]
[BlackElo "2357"]
[WhiteElo "2589"]
[LiveChessVersion "1.4.8"]

1. d4 Nf6 {[%clk 1:30:57]} 2. Nf3 {[%clk 1:26:50]} g6 {[%clk 1:30:59]} 3. e3
{[%clk 1:26:51]} Bg7 {[%clk 1:31:05]} 4. Nbd2 {[%clk 1:26:32]} d5
{[%clk 1:30:59]} 5. c4 {[%clk 1:26:48]} c5 {[%clk 1:28:51]} 6. dxc5 Qa5 7. a3
{[%clk 1:25:52]} dxc4 {[%clk 1:25:54]} 8. Bxc4 {[%clk 1:25:56]} Qxc5
{[%clk 1:25:26]} 9. b4 {[%clk 1:25:54]} Qb6 {[%clk 1:24:32]} 10. Bb2
{[%clk 1:25:40]} O-O {[%clk 1:23:29]} 11. O-O {[%clk 1:25:55]} Bd7
{[%clk 1:16:28]} 12. Rc1 {[%clk 1:20:57]} Bb5 {[%clk 1:15:28]} 13. Nd4
{[%clk 1:17:35]} Bxc4 {[%clk 1:15:36]} 14. Nxc4 {[%clk 1:18:04]} Qd8
{[%clk 1:15:22]} 15. Na5 {[%clk 1:13:22]} b6 {[%clk 1:07:57]} 16. Nac6
{[%clk 1:11:14]} Nxc6 {[%clk 1:05:13]} 17. Nxc6 {[%clk 1:11:43]} Qc7
{[%clk 1:05:17]} 18. Be5 {[%clk 1:07:09]} Qb7 {[%clk 1:05:34]} 19. Qd4
{[%clk 1:06:52]} Ne8 {[%clk 0:52:43]} 20. Rfd1 {[%clk 1:03:56]} f6
{[%clk 0:48:46]} 21. Qc4+ {[%clk 1:02:08]} Kh8 {[%clk 0:48:47]} 22. Nd8
{[%clk 1:01:34]} Nd6 {[%clk 0:47:04]} 23. Nxb7 {[%clk 1:00:31]} Nxc4
{[%clk 0:47:25]} 24. Rxc4 {[%clk 1:01:00]} fxe5 {[%clk 0:47:42]} 25. Rc7
{[%clk 1:01:27]} Bf6 {[%clk 0:46:50]} 26. e4 {[%clk 1:01:24]} Rfc8
{[%clk 0:45:02]} 27. Rxc8+ {[%clk 1:01:51]} Rxc8 {[%clk 0:45:11]} 28. Rd8+
{[%clk 1:02:20]} Rxd8 {[%clk 0:45:30]} 29. Nxd8 {[%clk 1:02:48]} b5
{[%clk 0:16:33]} 30. Ne6 {[%clk 1:03:13]} a6 {[%clk 0:16:14]} 31. Kf1
{[%clk 1:03:40]} Kg8 {[%clk 0:16:25]} 32. Ke2 {[%clk 1:03:58]} Kf7
{[%clk 0:16:33]} 33. Nc7 {[%clk 1:04:20]} Bg5 {[%clk 0:16:38]} 34. Nxa6
{[%clk 1:04:35]} Bc1 {[%clk 0:16:58]} 35. Kd3 {[%clk 1:02:40]} Bxa3 36. Kc3
{[%clk 1:03:31]} Ke6 {[%clk 0:16:15]} 37. Nc7+ {[%clk 1:03:31]} Kd7
{[%clk 0:16:40]} 38. Nxb5 {[%clk 1:04:23]} Bc1 39. Kc4 {[%clk 1:04:50]} Kc6
{[%clk 0:17:09]} 40. Nc3 {[%clk 1:04:50]} e6 {[%clk 0:17:14]} 41. Na4
{[%clk 1:05:39]} Bd2 {[%clk 0:15:49]} 42. Nc5 {[%clk 1:06:02]} Kd6
{[%clk 0:16:12]} 43. b5 {[%clk 1:05:27]} Be1 44. b6 Bxf2 {[%clk 0:16:02]} 45. b7
{[%clk 1:05:55]} Kc7 {[%clk 0:16:21]} 46. Nxe6+ {[%clk 1:06:23]} Kxb7
{[%clk 0:16:44]} 47. Kd5 {[%clk 1:06:51]} Bg1 {[%clk 0:16:12]} 48. h3
{[%clk 1:07:15]} Bh2 {[%clk 0:16:32]} 49. Nf8 {[%clk 1:07:42]} 1-0

[Event "MARIENBAD OPEN 2020 - A, B - closed tournaments"]
[Site "?"]
[Date "2020.01.23"]
[Round "7"]
[White "Kovalev, Andrei"]
[Black "Quesada Perez, Luis Ernesto"]
[Result "1/2-1/2"]
[BlackElo "2491"]
[WhiteElo "2489"]
[LiveChessVersion "1.4.8"]

1. e4 {[%clk 1:26:16]} c5 {[%clk 1:27:15]} 2. Nf3 {[%clk 1:26:40]} d6
{[%clk 1:27:30]} 3. d4 {[%clk 1:27:02]} cxd4 {[%clk 1:27:45]} 4. Nxd4
{[%clk 1:27:23]} Nf6 {[%clk 1:28:10]} 5. Nc3 {[%clk 1:27:46]} a6 {[%clk 1:28:35]}
6. Be2 {[%clk 1:28:04]} e5 {[%clk 1:28:32]} 7. Nb3 {[%clk 1:28:15]} Be7
{[%clk 1:28:55]} 8. Bg5 {[%clk 1:28:12]} Be6 {[%clk 1:28:40]} 9. Bxf6
{[%clk 1:28:08]} Bxf6 {[%clk 1:29:04]} 10. Qd3 {[%clk 1:28:32]} O-O
{[%clk 1:28:38]} 11. Rd1 {[%clk 1:28:46]} Be7 {[%clk 1:28:23]} 12. Nd5
{[%clk 1:28:36]} Bxd5 {[%clk 1:27:10]} 13. Qxd5 {[%clk 1:28:56]} Qc7
{[%clk 1:27:35]} 14. c3 {[%clk 1:29:03]} Nd7 {[%clk 1:28:00]} 15. O-O
{[%clk 1:29:24]} 1/2-1/2